| Tag |
First Indicator |
Second Indicator |
Subfields |
| LEADER |
00000nmm a22000001a 4500 |
| 001 |
in00004630833 |
| 006 |
m|||||o||m|||||||| |
| 007 |
cr|cn |||uuuuu |
| 008 |
221118s2012 xxu||||eo|||| ||||||eng d |
| 005 |
20221207222402.6 |
| 035 |
|
|
|a (TxWaIVM)IV12205AnLa
|
| 040 |
|
|
|a TxWaIVM
|c TxWaIVM
|
| 245 |
0 |
0 |
|a Last Zombie: Inferno #3 /
|c powered by Library Pass.
|
| 260 |
3 |
|
|a [United States] :
|b Antarctic Press,
|c 2012.
|
| 300 |
|
|
|a 1 online resource.
|
| 336 |
|
|
|a text
|b txt
|2 rdacontent
|
| 337 |
|
|
|a computer
|b c
|2 rdamedia
|
| 338 |
|
|
|a online resource
|b cr
|2 rdacarrier
|
| 520 |
|
|
|a As the team struggles to survive their horrific present-wildfires, vicious marauders, survivors both vengeful and just desperate, and of course, the remaining zombie threat-their various pasts still haunt them. Planters recalls how his family died. Ian remembers the last time he saw his fiancée, Jennifer. Each must face the demons inside him or her to focus on making it through the ones outside!
|
| 521 |
|
|
|a 3
|
| 538 |
|
|
|a Requires a valid library card and registration for new users.
|
| 538 |
|
|
|a Mode of access: World Wide Web.
|
| 538 |
|
|
|a System requirements: Flash 10.1 or higher, Windows XP and higher, Internet Explorer 7 and higher, Firefox 3.6 and higher, Google Chrome; Max OS 10.5 and higher, Safari 4 and higher.
|
| 650 |
|
0 |
|a Comic books, strips, etc.
|
| 655 |
|
7 |
|a Electronic books.
|2 local
|
| 655 |
|
7 |
|a Comic books, strips, etc.
|2 gsafd
|
| 650 |
|
0 |
|a Horror comic books, strips, etc.
|
| 655 |
|
7 |
|a Horror comic books, strips, etc.
|2 gsafd
|
| 650 |
|
0 |
|a Science fiction comic books, strips, etc.
|
| 655 |
|
7 |
|a Science fiction comic books, strips, etc.
|2 gsafd
|
| 700 |
1 |
|
|a Keene, Brian.
|e writer.
|
| 700 |
1 |
|
|a Dunn, Ben.
|e artist.
|
| 710 |
2 |
|
|a Library Pass, LLC.
|
| 856 |
4 |
0 |
|u http://proxy.library.tamu.edu/login?url=https://tamu.librarypass.com/product/com.iversecomics.antarctic.press.last.zombie.inferno.three.08162012
|z Connect to this electronic book (First time users create your free account)
|t 0
|
| 955 |
|
|
|a Comics Plus.
|
| 999 |
f |
f |
|s 781fd16f-36fd-45b3-baf4-038b61ed85df
|i 6bc9aa01-bbf3-40fb-ad0a-19a184af53d0
|t 0
|
| 952 |
f |
f |
|a Texas A&M University
|b College Station
|c Electronic Resources
|d Available Online
|t 0
|h Library of Congress classification
|
| 998 |
f |
f |
|t 0
|l Available Online
|